[Event "Cappelle-la-Grande"]
[Site "Cappelle-la-Grande (FRA)"]
[Date "2013.02.24"]
[Round "2.74"]
[White "Manea, Alexandru"]
[Black "Makka, Ioulia"]
[Result "1-0"]
[WhiteElo "2386"]
[BlackElo "2160"]
[PlyCount "59"]
[EventDate "2013.??.??"]

1. d4 Nf6 2. Nc3 d5 3. Bf4 Bf5 4. Qd2 e6 5. e3 Bb4 6. f3 c6 7. g4 Bg6 8. h4 h5
9. g5 Nfd7 10. Nge2 Nb6 11. a3 Nc4 12. Qc1 Be7 13. Ng3 Nd7 14. Bxc4 dxc4 15. e4
Qa5 16. O-O O-O-O 17. b4 cxb3 18. cxb3 Qb6 19. Nge2 Qxb3 20. Rb1 Qxa3 21. Qc2
e5 22. Ra1 Qd6 23. Nb5 Qd5 24. Nxa7+ Kc7 25. Qc3 Bxe4 26. fxe4 Qxe4 27. Nb5+
Kb8 28. Ra8+ Kxa8 29. Qa5+ Kb8 30. Qc7+ 1-0

[Event "Cappelle-la-Grande"]
[Site "Cappelle-la-Grande (FRA)"]
[Date "2013.02.24"]
[Round "2.75"]
[White "Pulvett, Daniel"]
[Black "Kieffer, Christian"]
[Result "1-0"]
[WhiteElo "2385"]
[BlackElo "2152"]
[PlyCount "99"]
[EventDate "2013.??.??"]

1. d4 g6 2. c4 Bg7 3. g3 c5 4. Nf3 cxd4 5. Nxd4 Nc6 6. Nc2 d6 7. Bg2 Be6 8. Ne3
Qd7 9. Nd5 Rc8 10. O-O Na5 11. Na3 Nxc4 12. Nxc4 Rxc4 13. Be3 Nf6 14. Nf4 b6
15. Nxe6 Qxe6 16. a4 O-O 17. a5 Rb4 18. axb6 axb6 19. Bd4 Nd7 20. Bxg7 Kxg7 21.
Ra7 Nf6 22. Qd2 Rb3 23. Rc1 Qe5 24. f4 Qxb2 25. Qxb2 Rxb2 26. Rxe7 d5 27. Bf3
h5 28. Rcc7 Rb4 29. Kg2 b5 30. Rb7 Rb2 31. h3 d4 32. Kf1 b4 33. g4 hxg4 34.
hxg4 b3 35. g5 Rb1+ 36. Kf2 Ne8 37. Be4 Rb2 38. Rbd7 Rd2 39. Ke1 Ra2 40. Rxd4
b2 41. Rb7 Rh8 42. Rdd7 Rh2 43. Rxf7+ Kg8 44. Rg7+ Nxg7 45. Bd5+ Kf8 46. Bxa2
Ne6 47. Kd2 b1=Q 48. Rxb1 Nxf4 49. Bc4 Rg2 50. Rf1 1-0

[Event "Cappelle-la-Grande"]
[Site "Cappelle-la-Grande (FRA)"]
[Date "2013.02.24"]
[Round "2.76"]
[White "Eriksson, Christian"]
[Black "Georgiadis, Nico"]
[Result "0-1"]
[WhiteElo "2141"]
[BlackElo "2380"]
[PlyCount "86"]
[EventDate "2013.??.??"]

1. e4 c5 2. c3 d5 3. exd5 Qxd5 4. d4 g6 5. Nf3 Bg7 6. Na3 cxd4 7. Bc4 Qe4+ 8.
Be3 Nh6 9. cxd4 O-O 10. O-O Nf5 11. Qb3 Qg4 12. Rad1 Nc6 13. Be2 Nxe3 14. Qxe3
Qf5 15. Nc4 Be6 16. b3 Nb4 17. Qd2 Nd5 18. Ne3 Qf6 19. Ne5 Rfd8 20. Bf3 Rac8
21. Rc1 Rxc1 22. Qxc1 Nf4 23. N3g4 Bxg4 24. Nxg4 Qd6 25. Qc5 b6 26. Qc4 Qxd4
27. Qc7 e5 28. g3 Nd3 29. Rd1 h5 30. Ne3 Bh6 31. Kg2 Kg7 32. Rxd3 Qxd3 33.
Qxe5+ Kg8 34. Nd5 Bg7 35. Qg5 Rd7 36. Nf4 Qd4 37. Qb5 Re7 38. Nd5 Re1 39. Qd7
Qa1 40. Qd8+ Kh7 41. Qd7 Rg1+ 42. Kh3 Qf1+ 43. Kh4 Qxf2 0-1

[Event "Cappelle-la-Grande"]
[Site "Cappelle-la-Grande (FRA)"]
[Date "2013.02.24"]
[Round "2.77"]
[White "Zawadzka, Jolanta"]
[Black "Przymusinski, Nicolas"]
[Result "1-0"]
[WhiteElo "2374"]
[BlackElo "2150"]
[PlyCount "67"]
[EventDate "2013.??.??"]

1. c4 e5 2. g3 c6 3. Bg2 d5 4. d4 e4 5. Nc3 Be6 6. Nh3 Bb4 7. O-O Ne7 8. Qb3
Bxc3 9. Qxc3 dxc4 10. Ng5 Bd5 11. Nxe4 O-O 12. b3 b5 13. Ba3 a5 14. Bc5 b4 15.
Qc2 cxb3 16. axb3 f5 17. Ng5 Bxg2 18. Kxg2 Qd5+ 19. e4 fxe4 20. Bxe7 Re8 21.
Qc5 h6 22. Nh3 Qxb3 23. Bd6 Qf3+ 24. Kg1 b3 25. Rfe1 e3 26. Qc4+ Kh8 27. Be5
Qf5 28. Nf4 a4 29. Rxa4 Rxa4 30. Qxa4 exf2+ 31. Kxf2 b2 32. Qb3 Kh7 33. Qxb2 g5
34. Qb1 1-0

[Event "Cappelle-la-Grande"]
[Site "Cappelle-la-Grande (FRA)"]
[Date "2013.02.24"]
[Round "2.78"]
[White "Pedersen, Henrik Bolding"]
[Black "Petre, Nad-Titus"]
[Result "1-0"]
[WhiteElo "2136"]
[BlackElo "2374"]
[PlyCount "75"]
[EventDate "2013.??.??"]

1. e4 c6 2. Nc3 d5 3. Nf3 Bg4 4. h3 Bxf3 5. Qxf3 e6 6. d3 Bb4 7. Bd2 Ne7 8. a3
Ba5 9. Qg4 O-O 10. f4 Nd7 11. Be2 b5 12. Qf3 f5 13. e5 Bb6 14. Nd1 a5 15. Nf2
Ng6 16. g3 c5 17. O-O c4 18. a4 cxd3 19. Bxd3 b4 20. Kh2 Rc8 21. c3 bxc3 22.
Bxc3 Nc5 23. Bb5 Ne4 24. Nxe4 fxe4 25. Qg4 Rf5 26. Rac1 Ne7 27. Qe2 Rf7 28. b4
axb4 29. Bxb4 Nf5 30. Rxc8 Qxc8 31. Ba6 Qc7 32. Qd2 Be3 33. Qe2 Qa7 34. Qb5 h6
35. Qe8+ Kh7 36. Qxe6 Bg1+ 37. Kg2 Qe3 38. Be1 1-0

[Event "Cappelle-la-Grande"]
[Site "Cappelle-la-Grande (FRA)"]
[Date "2013.02.24"]
[Round "2.79"]
[White "Tugui, Adrian"]
[Black "Roger, Mehdi"]
[Result "1-0"]
[WhiteElo "2370"]
[BlackElo "2144"]
[PlyCount "85"]
[EventDate "2013.??.??"]

1. d4 g6 2. c4 Nf6 3. Nc3 Bg7 4. e4 d6 5. f3 O-O 6. Be3 c5 7. Nge2 Nc6 8. d5
Ne5 9. Ng3 e6 10. Be2 exd5 11. cxd5 a6 12. a4 h5 13. O-O Nh7 14. Qd2 h4 15. Nh1
f5 16. Nf2 Kh8 17. Kh1 Bd7 18. exf5 gxf5 19. Nh3 Rg8 20. Bh6 Qf6 21. Bxg7+ Rxg7
22. Rf2 Rag8 23. Bf1 Ng6 24. Ne2 Re7 25. a5 Rge8 26. Rb1 Bb5 27. Nef4 Nxf4 28.
Nxf4 Bxf1 29. Rfxf1 Qh6 30. b4 cxb4 31. Rxb4 Kg8 32. Rb6 Nf8 33. Qb4 Rd8 34. h3
Rdd7 35. Rb1 Kh7 36. Ne6 Nxe6 37. Rxd6 Rxd6 38. Qxd6 Qg5 39. dxe6 Rg7 40. Rg1
f4 41. Qd2 Re7 42. Re1 Qf5 43. Re4 1-0

[Event "Cappelle-la-Grande"]
[Site "Cappelle-la-Grande (FRA)"]
[Date "2013.02.24"]
[Round "2.80"]
[White "Carlier, Guillaume"]
[Black "Soors, Stef"]
[Result "0-1"]
[WhiteElo "2117"]
[BlackElo "2369"]
[PlyCount "66"]
[EventDate "2013.??.??"]

1. e4 c6 2. d4 d5 3. e5 Bf5 4. Nf3 e6 5. Be2 Ne7 6. O-O h6 7. c3 Nd7 8. Re1 g5
9. Nbd2 Ng6 10. Nf1 g4 11. N3d2 Nf4 12. Ng3 Bg6 13. Ndf1 Nxe2+ 14. Nxe2 Rg8 15.
Nf4 h5 16. Nxg6 Rxg6 17. f4 gxf3 18. Qxf3 c5 19. Ng3 Qb6 20. Rf1 O-O-O 21. Qxf7
Rg7 22. Qf2 cxd4 23. Bh6 Rg4 24. Bd2 dxc3 25. Qxb6 axb6 26. Bxc3 Bc5+ 27. Kh1
d4 28. Bd2 Rdg8 29. b4 Be7 30. Rae1 h4 31. Ne4 Rxg2 32. Bg5 R2xg5 33. Nxg5 Bxg5
0-1

[Event "Cappelle-la-Grande"]
[Site "Cappelle-la-Grande (FRA)"]
[Date "2013.02.24"]
[Round "2.81"]
[White "Nemcova, Katerina"]
[Black "Prevot, Emmanuel"]
[Result "1-0"]
[WhiteElo "2368"]
[BlackElo "2141"]
[PlyCount "83"]
[EventDate "2013.??.??"]

1. e4 c5 2. Nf3 d6 3. d4 Nf6 4. Nc3 cxd4 5. Nxd4 g6 6. Be3 Bg7 7. f3 Nc6 8. Qd2
O-O 9. Bc4 Bd7 10. h4 Ne5 11. Bb3 Rc8 12. O-O-O Nc4 13. Bxc4 Rxc4 14. h5 Nxh5
15. g4 Nf6 16. Nb3 Re8 17. Bh6 Bh8 18. Bg5 Qc8 19. Qh2 Rxc3 20. bxc3 a5 21. Rd3
Bb5 22. Re3 a4 23. Nd4 Bc4 24. f4 e5 25. Nf5 gxf5 26. gxf5 Kf8 27. Bh6+ Ke7 28.
fxe5 dxe5 29. Qxe5+ Kd8 30. Rd1+ Nd7 31. Bg5+ f6 32. Bxf6+ Bxf6 33. Qxf6+ Kc7
34. Qd6+ Kd8 35. e5 Qc7 36. e6 Qxd6 37. Rxd6 Bb5 38. Red3 Rf8 39. Rxd7+ Bxd7
40. Rxd7+ Kc8 41. Rxh7 Rxf5 42. Rh8+ 1-0

[Event "Cappelle-la-Grande"]
[Site "Cappelle-la-Grande (FRA)"]
[Date "2013.02.24"]
[Round "2.82"]
[White "Rubino, William"]
[Black "Kojima, Shinya"]
[Result "0-1"]
[WhiteElo "2109"]
[BlackElo "2368"]
[PlyCount "48"]
[EventDate "2013.??.??"]

1. e4 c6 2. c4 d5 3. exd5 Nf6 4. Nc3 cxd5 5. Qa4+ Nbd7 6. cxd5 g6 7. Nf3 Bg7 8.
Qb3 O-O 9. Bc4 a6 10. a4 Qa5 11. Ra2 Nc5 12. Qa3 Qc7 13. O-O Bf5 14. Re1 Rac8
15. d3 Bxd3 16. Bxd3 Nxd3 17. Rxe7 Qc4 18. Bd2 Nb4 19. Ra1 Nc2 20. Qa2 Nxa1 21.
Qxa1 Nxd5 22. Ne5 Qb4 23. Rd7 Nxc3 24. Bxc3 Qe4 0-1

[Event "Cappelle-la-Grande"]
[Site "Cappelle-la-Grande (FRA)"]
[Date "2013.02.24"]
[Round "2.83"]
[White "Giffard, Nicolas"]
[Black "Vrublevskaya, Olga"]
[Result "0-1"]
[WhiteElo "2359"]
[BlackElo "2132"]
[PlyCount "78"]
[EventDate "2013.??.??"]

1. d4 Nf6 2. c4 g6 3. Nc3 Bg7 4. e4 d6 5. Bd3 O-O 6. Nge2 Nc6 7. O-O e5 8. d5
Nd4 9. Nxd4 exd4 10. Nb5 Re8 11. Re1 Ng4 12. h3 c6 13. hxg4 cxb5 14. g5 bxc4
15. Bxc4 f5 16. gxf6 Qxf6 17. Bd2 Kh8 18. Rc1 Rf8 19. Rf1 Qh4 20. f4 Bg4 21.
Qe1 Qh5 22. Bd3 Bf6 23. Qf2 g5 24. e5 dxe5 25. Rc7 Bg7 26. f5 e4 27. Bxe4 Be5
28. g3 Bxc7 29. d6 Bb6 30. Ba5 Rae8 31. Bxb6 Rxe4 32. Bxd4+ Kg8 33. d7 Re2 34.
Bf6 Rxf2 35. Rxf2 Bf3 36. Rh2 Qg4 37. Kf2 Qxf5 38. d8=Q Rxd8 39. Bxd8 Qc2+ 0-1

[Event "Cappelle-la-Grande"]
[Site "Cappelle-la-Grande (FRA)"]
[Date "2013.02.24"]
[Round "2.85"]
[White "Sedina, Elena"]
[Black "N'Guyen, Emilien"]
[Result "1-0"]
[WhiteElo "2349"]
[BlackElo "2121"]
[PlyCount "46"]
[EventDate "2013.??.??"]

1. e4 c6 2. c4 d5 3. exd5 cxd5 4. cxd5 Nf6 5. Nc3 Nxd5 6. Nf3 e6 7. d4 Nc6 8.
Bc4 Bb4 9. Qd3 Nb6 10. Bb3 Be7 11. O-O Bf6 12. Rd1 Bd7 13. Ne4 Nb4 14. Nd6+ Kf8
15. Qc3 N6d5 16. Bxd5 Nxd5 17. Qa3 Qb8 18. Nxb7+ Ke8 19. Nd6+ Ke7 20. Ne4+ Qb4
21. Qxb4+ Nxb4 22. Ne5 Nc2 23. Rb1 Rhb8 1-0

[Event "Cappelle-la-Grande"]
[Site "Cappelle-la-Grande (FRA)"]
[Date "2013.02.24"]
[Round "2.86"]
[White "Hartikainen, Markku"]
[Black "Deac, Bogdan-Daniel"]
[Result "0-1"]
[WhiteElo "2348"]
[BlackElo "2117"]
[PlyCount "74"]
[EventDate "2013.??.??"]

1. e4 c6 2. d4 d5 3. e5 Bf5 4. Be3 e6 5. Nd2 Nd7 6. Ngf3 Ne7 7. Nb3 Nc8 8. Be2
Be7 9. O-O O-O 10. a4 Qc7 11. Re1 Rd8 12. a5 a6 13. Qd2 Na7 14. c3 h6 15. h3
Be4 16. Rac1 Nb5 17. Nh2 c5 18. c4 dxc4 19. Bxc4 Bc6 20. Bxh6 Nf8 21. Bxg7 Nh7
22. Bf6 Nxd4 23. Qh6 Nf5 24. Qh5 Bxf6 25. exf6 Qf4 26. Rxe6 Bd5 27. Bxd5 Rxd5
28. Qe2 Nd4 29. Nxd4 Qxc1+ 30. Nf1 cxd4 31. Re7 Nxf6 32. Rxb7 Qf4 33. Qc4 Rad8
34. Qxa6 d3 35. Ne3 R5d6 36. Qa7 d2 37. Nd1 Re6 0-1

[Event "Cappelle-la-Grande"]
[Site "Cappelle-la-Grande (FRA)"]
[Date "2013.02.24"]
[Round "2.87"]
[White "Westerinen, Heikki M.j"]
[Black "Feryn, Benjamin"]
[Result "1-0"]
[WhiteElo "2339"]
[BlackElo "2110"]
[PlyCount "67"]
[EventDate "2013.??.??"]

1. e4 e5 2. f4 Nc6 3. Bc4 Bc5 4. Nf3 d6 5. d3 Nf6 6. Qe2 O-O 7. fxe5 dxe5 8.
Bg5 Bg4 9. c3 Qd6 10. Nbd2 h6 11. Be3 Bxe3 12. Qxe3 Rad8 13. O-O a6 14. h3 Bxf3
15. Rxf3 b5 16. Bb3 Na5 17. Bc2 c5 18. Raf1 Nh5 19. Nb3 Nxb3 20. axb3 Nf4 21.
Kh2 Qe6 22. Qxc5 Rc8 23. Qe3 Rfd8 24. d4 f6 25. d5 Qd7 26. Ra1 Qd6 27. g3 Ng6
28. Bd3 Rd7 29. Be2 Ne7 30. c4 b4 31. Rff1 Rdc7 32. Bg4 Ra8 33. Be6+ Kf8 34.
Rxf6+ 1-0

[Event "Cappelle-la-Grande"]
[Site "Cappelle-la-Grande (FRA)"]
[Date "2013.02.24"]
[Round "2.101"]
[White "Houriez, Clement"]
[Black "Dengler, Dijana"]
[Result "1/2-1/2"]
[WhiteElo "2306"]
[BlackElo "2062"]
[PlyCount "53"]
[EventDate "2013.??.??"]

1. d4 d5 2. c4 c6 3. Nf3 Nf6 4. Qc2 g6 5. g3 Bg7 6. Bg2 O-O 7. O-O Nbd7 8. cxd5
Nxd5 9. e4 Nb4 10. Qb3 a5 11. a3 Na6 12. Rd1 e5 13. Be3 exd4 14. Nxd4 Qe7 15.
Nd2 Ne5 16. h3 c5 17. Ne2 Be6 18. Qc2 Rac8 19. Nf4 c4 20. Qa4 Nc5 21. Qxa5 Ned3
22. Nxe6 Qxe6 23. Rac1 b6 24. Qb5 Nxc1 25. Rxc1 Nd3 26. Rxc4 Nxb2 27. Rxc8
1/2-1/2

[Event "Cappelle-la-Grande"]
[Site "Cappelle-la-Grande (FRA)"]
[Date "2013.02.24"]
[Round "2.103"]
[White "Strugnell, Carl"]
[Black "Pieri, Pierre-Louis"]
[Result "1-0"]
[WhiteElo "2305"]
[BlackElo "2062"]
[PlyCount "21"]
[EventDate "2013.??.??"]

1. e4 e5 2. Nf3 Nc6 3. Bb5 a6 4. Ba4 Nf6 5. O-O b5 6. Bb3 Be7 7. d4 exd4 8. e5
Ne4 9. Nxd4 Bb7 10. Nf5 O-O 11. Qg4 1-0

[Event "Cappelle-la-Grande"]
[Site "Cappelle-la-Grande (FRA)"]
[Date "2013.02.24"]
[Round "2.104"]
[White "Hawia, Thierry"]
[Black "Toma, Katarzyna"]
[Result "0-1"]
[WhiteElo "2041"]
[BlackElo "2301"]
[PlyCount "70"]
[EventDate "2013.??.??"]

1. e4 c5 2. Nf3 Nc6 3. d4 cxd4 4. Nxd4 Nf6 5. Nc3 e5 6. Ndb5 d6 7. Bg5 a6 8.
Na3 b5 9. Bxf6 gxf6 10. Nd5 f5 11. Bd3 Be6 12. O-O Bxd5 13. exd5 Ne7 14. c3 Bg7
15. Qh5 e4 16. Bc2 Qc8 17. Rae1 O-O 18. f3 Ng6 19. fxe4 f4 20. e5 dxe5 21. Bf5
Qc5+ 22. Kh1 Rad8 23. Rf3 Qxd5 24. Rh3 h6 25. Bxg6 fxg6 26. Qxg6 Rd6 27. Qg4
Qxa2 28. Rh5 Qxb2 29. Rhxe5 Qxa3 30. Re8 Rdf6 31. R8e7 R6f7 32. Rxf7 Rxf7 33.
Qc8+ Rf8 34. Qe6+ Kh8 35. h3 Qxc3 0-1

[Event "Cappelle-la-Grande"]
[Site "Cappelle-la-Grande (FRA)"]
[Date "2013.02.24"]
[Round "2.108"]
[White "Guilbert, Jean-Louis"]
[Black "Fuchs, Judith"]
[Result "0-1"]
[WhiteElo "2023"]
[BlackElo "2292"]
[PlyCount "74"]
[EventDate "2013.??.??"]

1. d4 Nf6 2. c4 c5 3. d5 b5 4. cxb5 a6 5. bxa6 g6 6. Nc3 Bxa6 7. f4 d6 8. Nf3
Bg7 9. e4 Bxf1 10. Rxf1 Qb6 11. e5 dxe5 12. fxe5 Ng4 13. Qe2 Qa6 14. Bf4 Qxe2+
15. Kxe2 Nd7 16. e6 fxe6 17. dxe6 Nf8 18. h3 Nxe6 19. Bg3 Nh6 20. Rfd1 Nf5 21.
Be5 O-O 22. Bxg7 Kxg7 23. Nb5 Ra4 24. a3 Rb8 25. Nc3 Rxb2+ 26. Rd2 Nf4+ 27. Kf2
Rxd2+ 28. Nxd2 Rd4 29. Nde4 Nd3+ 30. Kf3 Nd6 31. a4 Ne5+ 32. Ke3 Nec4+ 33. Kf3
Rd3+ 34. Kf2 Na5 35. Ke2 c4 36. Ra2 Nb3 37. Rc2 Nd4+ 0-1

[Event "Cappelle-la-Grande"]
[Site "Cappelle-la-Grande (FRA)"]
[Date "2013.02.24"]
[Round "2.110"]
[White "Jensen, Leif"]
[Black "Valuet, Bertrand"]
[Result "0-1"]
[WhiteElo "2013"]
[BlackElo "2290"]
[PlyCount "38"]
[EventDate "2013.??.??"]

1. e4 c5 2. g3 d5 3. d3 Nc6 4. c3 Nf6 5. Bg2 g6 6. f4 d4 7. c4 e5 8. Nf3 Bd6 9.
fxe5 Nxe5 10. Nxe5 Bxe5 11. O-O Ng4 12. Qe2 Nxh2 13. Kxh2 Qh4+ 14. Kg1 Qxg3 15.
Qf3 Qh2+ 16. Kf2 Qh4+ 17. Kg1 Bh2+ 18. Kh1 Bg3+ 19. Kg1 Qh2# 0-1

[Event "Cappelle-la-Grande"]
[Site "Cappelle-la-Grande (FRA)"]
[Date "2013.02.24"]
[Round "2.118"]
[White "Kulon, Klaudia"]
[Black "Scherrer, Roch"]
[Result "1-0"]
[WhiteElo "2262"]
[BlackElo "2002"]
[PlyCount "53"]
[EventDate "2013.??.??"]

1. c4 Nf6 2. g3 c6 3. Bg2 d5 4. b3 Bf5 5. Bb2 e6 6. d3 Nbd7 7. Nd2 Qb6 8. cxd5
exd5 9. Ngf3 Bc5 10. O-O O-O 11. e4 dxe4 12. dxe4 Be6 13. h3 Nh5 14. Rc1 Nxg3
15. Rxc5 Nxc5 16. fxg3 Nxb3+ 17. Kh2 Nc5 18. Bd4 Qa5 19. Ng5 Rad8 20. Qh5 h6
21. Nxe6 fxe6 22. Rxf8+ Rxf8 23. Nc4 Qxa2 24. Qxc5 Qc2 25. Qe7 Rf7 26. Qe8+ Rf8
27. Qxe6+ 1-0

[Event "Cappelle-la-Grande"]
[Site "Cappelle-la-Grande (FRA)"]
[Date "2013.02.24"]
[Round "2.120"]
[White "Bannink, Bernard"]
[Black "Kobayashi, Atsuhiko"]
[Result "1/2-1/2"]
[WhiteElo "2255"]
[BlackElo "1997"]
[PlyCount "106"]
[EventDate "2013.??.??"]

1. d4 f5 2. Nf3 Nf6 3. g3 g6 4. Bg2 Bg7 5. O-O O-O 6. c4 d6 7. Nc3 Nc6 8. b3 e5
9. dxe5 dxe5 10. Ba3 Re8 11. Qxd8 Rxd8 12. Rad1 Rxd1 13. Rxd1 e4 14. Ne1 Be6
15. Nc2 a6 16. f3 exf3 17. Bxf3 Re8 18. Bxc6 bxc6 19. Nd4 Ng4 20. Rd3 Ne5 21.
Nxe6 Rxe6 22. Rd8+ Kf7 23. Bc5 Re8 24. Rxe8 Kxe8 25. Nd1 Nd7 26. Be3 Be5 27.
Nf2 c5 28. Nd3 Bd4 29. Kf2 Kf7 30. Bxd4 cxd4 31. Nb4 Nc5 32. Nc6 Ne6 33. b4 Ke8
34. a4 Kd7 35. Nb8+ Kc8 36. Nxa6 Kb7 37. b5 c5 38. a5 g5 39. e3 dxe3+ 40. Kxe3
h6 41. h4 Kc8 42. h5 Kb7 43. Nxc5+ Nxc5 44. Kd4 Ne6+ 45. Ke5 f4 46. gxf4 gxf4
47. Ke4 Ng7 48. c5 Nxh5 49. c6+ Kc7 50. a6 Kb6 51. Kf3 Nf6 52. Kxf4 Nd5+ 53.
Kg4 Nc7 1/2-1/2

[Event "Cappelle-la-Grande"]
[Site "Cappelle-la-Grande (FRA)"]
[Date "2013.02.24"]
[Round "2.122"]
[White "Bernard, Christophe"]
[Black "Hias, Ludovic"]
[Result "1-0"]
[WhiteElo "2250"]
[BlackElo "1980"]
[PlyCount "51"]
[EventDate "2013.??.??"]

1. d4 Nf6 2. c4 e6 3. Nf3 d5 4. g3 c5 5. cxd5 exd5 6. Bg2 Nc6 7. O-O c4 8. b3
b5 9. a4 Qa5 10. Ne5 Bb7 11. Bd2 Bb4 12. axb5 Qxa1 13. bxc6 Bxd2 14. cxb7 Rb8
15. Qxd2 cxb3 16. Qb4 Qa6 17. Rc1 Qxb7 18. Qxb7 Rxb7 19. Rc8+ Ke7 20. Rxh8 Rc7
21. Nd3 b2 22. Nc5 Ne8 23. Bxd5 a5 24. Bb3 Nd6 25. Ra8 Nb7 26. Ra7 1-0

[Event "Cappelle-la-Grande"]
[Site "Cappelle-la-Grande (FRA)"]
[Date "2013.02.24"]
[Round "2.124"]
[White "Forthofer, Robert"]
[Black "Kramo, Sosthene"]
[Result "0-1"]
[WhiteElo "2249"]
[BlackElo "1969"]
[PlyCount "34"]
[EventDate "2013.??.??"]

1. e4 e5 2. f4 exf4 3. Nf3 d6 4. d4 g5 5. h4 g4 6. Ng1 Bh6 7. Nc3 c6 8. Qd3 Na6
9. a3 Qf6 10. Bd2 Ne7 11. e5 dxe5 12. Ne4 Qe6 13. dxe5 Nf5 14. O-O-O Qa2 15. c4
Be6 16. Kc2 b5 17. cxb5 Bb3+ 0-1

[Event "Cappelle-la-Grande"]
[Site "Cappelle-la-Grande (FRA)"]
[Date "2013.02.24"]
[Round "2.127"]
[White "Shvayger, Yuliya"]
[Black "Levers, Thierry"]
[Result "1-0"]
[WhiteElo "2232"]
[BlackElo "1926"]
[PlyCount "39"]
[EventDate "2013.??.??"]

1. e4 c5 2. Nf3 Nc6 3. Bb5 e6 4. O-O Nge7 5. Re1 a6 6. Bxc6 Nxc6 7. d4 cxd4 8.
Nxd4 Qc7 9. Nxc6 bxc6 10. e5 Be7 11. Qg4 Rg8 12. Bg5 f5 13. Qh5+ Kf8 14. Bxe7+
Kxe7 15. Qxh7 Kf8 16. Nd2 c5 17. Nc4 Bb7 18. Nd6 Qc6 19. f3 c4 20. Qg6 1-0

[Event "Cappelle-la-Grande"]
[Site "Cappelle-la-Grande (FRA)"]
[Date "2013.02.24"]
[Round "2.129"]
[White "Iwanow, Anna"]
[Black "Roche, Laurent"]
[Result "1-0"]
[WhiteElo "2216"]
[BlackElo "1913"]
[PlyCount "61"]
[EventDate "2013.??.??"]

1. e4 c5 2. Nf3 g6 3. d4 cxd4 4. Nxd4 Nc6 5. c4 Bg7 6. Be3 Nf6 7. Nc3 Ng4 8.
Qxg4 Nxd4 9. Qd1 Ne6 10. Rc1 Qa5 11. Qd2 g5 12. h4 h6 13. Be2 d6 14. g3 b6 15.
Qd5 Rb8 16. Qxa5 bxa5 17. b3 a6 18. f3 Bd7 19. Kf2 O-O 20. Nd5 Rfe8 21. hxg5
hxg5 22. f4 Nc5 23. e5 Bc6 24. Bxc5 dxc5 25. Rh5 Bxd5 26. cxd5 a4 27. Bc4 axb3
28. axb3 Rb6 29. Rch1 gxf4 30. gxf4 Kf8 31. Rh8+ 1-0

[Event "Cappelle-la-Grande"]
[Site "Cappelle-la-Grande (FRA)"]
[Date "2013.02.24"]
[Round "2.138"]
[White "Devoille, Hugo"]
[Black "Redon, Bruno"]
[Result "1-0"]
[WhiteElo "1956"]
[BlackElo "2129"]
[PlyCount "99"]
[EventDate "2013.??.??"]

1. e4 e5 2. Nf3 f5 3. Nxe5 Qf6 4. d4 d6 5. Nc4 fxe4 6. Nc3 Qg6 7. Ne3 c6 8. Be2
Nf6 9. O-O d5 10. f3 exf3 11. Rxf3 Bd6 12. Bd3 Qh5 13. h3 O-O 14. Nf5 Bxf5 15.
Bxf5 Na6 16. a3 Rae8 17. Bd3 Qh4 18. Be3 Rxe3 19. Rxe3 Qf4 20. Rf3 Qh2+ 21. Kf1
Re8 22. Ne2 Nc7 23. Qd2 Qh1+ 24. Ng1 Bh2 25. Kf2 Ne4+ 26. Bxe4 dxe4 27. Rd1
Bxg1+ 28. Rxg1 Qh2 29. Qf4 e3+ 30. Ke2 Qxf4 31. Rxf4 Nd5 32. Rf3 b5 33. Rgf1 a5
34. Rf7 g5 35. g3 Nf4+ 36. R1xf4 gxf4 37. Rxf4 Kg7 38. Rf3 b4 39. axb4 Rb8 40.
bxa5 Rxb2 41. Kd3 e2 42. Re3 Ra2 43. Rxe2 Rxa5 44. Re7+ Kg8 45. Re5 Ra6 46. Rc5
Kf7 47. c3 Kg6 48. g4 Kf6 49. h4 h6 50. Ke4 1-0

[Event "Cappelle-la-Grande"]
[Site "Cappelle-la-Grande (FRA)"]
[Date "2013.02.24"]
[Round "2.143"]
[White "Shalnyeva, Olga"]
[Black "De Hooghe, Albert"]
[Result "1/2-1/2"]
[WhiteElo "2067"]
[BlackElo "1870"]
[PlyCount "40"]
[EventDate "2013.??.??"]

1. e4 e6 2. d4 d5 3. exd5 exd5 4. Bd3 Be6 5. Bf4 c5 6. c3 Nc6 7. Nf3 Nf6 8. O-O
Qb6 9. dxc5 Bxc5 10. Qb3 O-O 11. Nbd2 a6 12. Qxb6 Bxb6 13. Nb3 Ne4 14. Nfd4
Nxd4 15. Nxd4 Nc5 16. Bc2 Rac8 17. Rad1 g6 18. Rfe1 Rfe8 19. h3 Bd7 20. Kf1 Kg7
1/2-1/2

[Event "Cappelle-la-Grande"]
[Site "Cappelle-la-Grande (FRA)"]
[Date "2013.02.24"]
[Round "2.156"]
[White "Coimbra, Margarida"]
[Black "Delescaille, Laurent"]
[Result "1-0"]
[WhiteElo "2113"]
[BlackElo "1767"]
[PlyCount "41"]
[EventDate "2013.??.??"]

1. e4 c5 2. c3 d5 3. exd5 Qxd5 4. d4 Nc6 5. Nf3 e5 6. Nxe5 Nxe5 7. dxe5 Qxe5+
8. Qe2 Bd6 9. Na3 Qxe2+ 10. Bxe2 Be6 11. Be3 a6 12. Nc4 Bxc4 13. Bxc4 Nf6 14.
O-O-O Be7 15. Rhe1 Rc8 16. Bf4 Rd8 17. Bd6 Ng8 18. Bxc5 Rc8 19. b4 Kf8 20. Rd7
Re8 21. Rxb7 1-0

[Event "Cappelle-la-Grande"]
[Site "Cappelle-la-Grande (FRA)"]
[Date "2013.02.24"]
[Round "2.159"]
[White "Groz, Jacky"]
[Black "Ababsa, Tufek"]
[Result "1-0"]
[WhiteElo "2091"]
[BlackElo "1742"]
[PlyCount "51"]
[EventDate "2013.??.??"]

1. e4 e6 2. b3 d5 3. Bb2 Nf6 4. e5 Nfd7 5. f4 c5 6. Nf3 Be7 7. Be2 Nc6 8. O-O
O-O 9. Qe1 Qc7 10. Qg3 Re8 11. Qh3 Nf8 12. Qh5 Bd7 13. Ng5 Bxg5 14. Qxg5 Qd8
15. Qg3 a6 16. Nc3 Nd4 17. Bd3 b5 18. f5 c4 19. f6 Ng6 20. Bxg6 hxg6 21. Qf4
Nxc2 22. fxg7 Kxg7 23. Qxf7+ Kh6 24. Rf3 Rf8 25. Rh3+ Kg5 26. Rg3+ 1-0

[Event "Cappelle-la-Grande"]
[Site "Cappelle-la-Grande (FRA)"]
[Date "2013.02.24"]
[Round "2.160"]
[White "Prioux, Michel"]
[Black "Le Montagner, Yoann"]
[Result "0-1"]
[WhiteElo "1774"]
[BlackElo "2053"]
[PlyCount "38"]
[EventDate "2013.??.??"]

1. c4 Nf6 2. Nc3 d5 3. d4 e6 4. Nf3 Be7 5. Bg5 O-O 6. e3 h6 7. Bxf6 Bxf6 8.
cxd5 exd5 9. Bd3 b6 10. b4 c5 11. bxc5 bxc5 12. O-O Ba6 13. Re1 c4 14. Bc2 Nc6
15. Rb1 Qa5 16. Qd2 Rfd8 17. Na4 Qxd2 18. Nxd2 Be7 19. Nc3 Bb4 0-1

[Event "Cappelle-la-Grande"]
[Site "Cappelle-la-Grande (FRA)"]
[Date "2013.02.24"]
[Round "2.165"]
[White "Vekemans, Denis"]
[Black "Amram, Roger"]
[Result "1-0"]
[WhiteElo "1966"]
[BlackElo "1731"]
[PlyCount "51"]
[EventDate "2013.??.??"]

1. e4 d5 2. exd5 Nf6 3. Bb5+ Bd7 4. Bc4 Bg4 5. f3 Bc8 6. Nc3 Nbd7 7. d4 Nb6 8.
Bb3 Nbxd5 9. Nxd5 Nxd5 10. c4 Nf6 11. Be3 e6 12. Ne2 Bb4+ 13. Nc3 O-O 14. Qe2
b5 15. cxb5 Nd5 16. Bd2 Qh4+ 17. Qf2 Qh5 18. O-O Nxc3 19. bxc3 Bd6 20. g4 Qxb5
21. c4 Qd7 22. Rad1 c6 23. Bc2 Be7 24. Bf4 Bd6 25. Bg5 Be7 26. Qh4 1-0

[Event "Cappelle-la-Grande"]
[Site "Cappelle-la-Grande (FRA)"]
[Date "2013.02.24"]
[Round "2.167"]
[White "Bier, Armin"]
[Black "Alloui-Cros, Baptiste"]
[Result "1-0"]
[WhiteElo "1965"]
[BlackElo "1719"]
[PlyCount "51"]
[EventDate "2013.??.??"]

1. d4 Nf6 2. c4 g6 3. Nc3 Bg7 4. e4 d6 5. f4 O-O 6. Nf3 c5 7. d5 e6 8. Be2 exd5
9. e5 dxe5 10. fxe5 Ng4 11. Bg5 Qa5 12. cxd5 Nxe5 13. O-O Nxf3+ 14. Bxf3 Bd4+
15. Kh1 f6 16. Bh6 Rd8 17. d6 Rxd6 18. Qb3+ c4 19. Qxc4+ Be6 20. Qb5 Qd8 21.
Qxb7 Rd7 22. Qxa8 f5 23. Bf4 g5 24. Qxb8 gxf4 25. Qxd8+ Rxd8 26. Rad1 1-0